Hermafroditismo, anomalías genitales y trastornos endocrinos afines / (Record no. 85025)

MARC details
000 -LEADER
campo de control de longitud fija 00737nam a2200193 i 4500
001 - NÚMERO DE CONTROL
campo de control 85025
003 - IDENTIFICADOR DE NÚMERO DE CONTROL
campo de control ES-MaACL
005 - FECHA Y HORA DE LA ÚLTIMA TRANSACCIÓN
campo de control 20230906175151.0
007 - CAMPO FIJO DE DESCRIPCIÓN FÍSICA--INFORMACIÓN GENERAL
campo de control de longitud fija t|
008 - DATOS DE LONGITUD FIJA--INFORMACIÓN GENERAL
campo de control de longitud fija 041124s1975 sp ||||1| spa d
100 1# - ENTRADA PRINCIPAL--NOMBRE DE PERSONA
Nombre de persona Jones, Howard W.
9 (RLIN) 66850
245 10 - MENCIÓN DEL TÍTULO
Título Hermafroditismo, anomalías genitales y trastornos endocrinos afines /
Mención de responsabilidad, etc. por Howard W. Jones, William Wallace Scott ; [traducción de Enrique Batlle Roca ; prólogo de la edición española Gonzalo Lloveras].
260 ## - PUBLICACIÓN, DISTRIBUCIÓN, ETC.
Lugar de publicación, distribución, etc. Barcelona :
Nombre del editor, distribuidor, etc. Labor,
Fecha de publicación, distribución, etc. [1975]
300 ## - DESCRIPCIÓN FÍSICA
Extensión XXII, 756 p. :
Otras características físicas il. ;
Dimensiones 25 cm.
700 1# - ENTRADA AGREGADA--NOMBRE PERSONAL
Nombre de persona Scott, William Wallace.
9 (RLIN) 104960
700 1# - ENTRADA AGREGADA--NOMBRE PERSONAL
Nombre de persona Batlle Roca, Enrique.
9 (RLIN) 26450
700 1# - ENTRADA AGREGADA--NOMBRE PERSONAL
Nombre de persona Lloveras, Gonçal (
Fechas asociadas al nombre 1926-)
9 (RLIN) 72939
852 ## - LOCALIZACIÓN
Ubicación ES-MaACL
Número de control de estantería E-8807
Sublocalización o colección R.93217
Holdings
Estatus retirado Estado de pérdida Estado de daño No para préstamo Biblioteca de origen Biblioteca actual Ubicación en estantería Fecha de adquisición Fuente de adquisición Total de préstamos Signatura topográfica completa Código de barras Visto por última vez Precio de reemplazo Tipo de ítem Koha
        Biblioteca del Ateneo de Madrid Biblioteca del Ateneo de Madrid Depósito 2 17/01/2008     E-8807 1088852 23/02/2023 23/02/2023 Libro impreso